Las organizaciones del mañana (Registro nro. 2457)
[ vista simple ]
| 000 -LEADER | |
|---|---|
| fixed length control field | 01593 a2200241 4500 |
| 001 - CONTROL NUMBER | |
| control field | 34507 |
| 005 - DATE AND TIME OF LATEST TRANSACTION | |
| control field | 20260407155631.0 |
| 008 - FIXED-LENGTH DATA ELEMENTS--GENERAL INFORMATION | |
| fixed length control field | 260407a1973 arg spa d |
| 003 - CONTROL NUMBER IDENTIFIER | |
| control field | AR-UNSa-BCEJYS |
| 040 ## - CATALOGING SOURCE | |
| Original cataloging agency | AR-UNSa-BCEJYS |
| Language of cataloging | spa |
| Transcribing agency | AR-UNSa-BCEJYS |
| 080 ## - UNIVERSAL DECIMAL CLASSIFICATION NUMBER | |
| Universal Decimal Classification number | 658.012.32 |
| Common auxiliary subdivision | Formas de organización, de gestión |
| 020 ## - INTERNATIONAL STANDARD BOOK NUMBER | |
| International Standard Book Number | 968-24-0778-8 |
| 100 1# - MAIN ENTRY--PERSONAL NAME | |
| Personal name | Jun, Jong S. |
| 245 10 - TITLE STATEMENT | |
| Title | Las organizaciones del mañana |
| Name of part/section of a work | desafíos y estrategias |
| 264 #1 - PRODUCTION, PUBLICATION, DISTRIBUTION, MANUFACTURE, AND COPYRIGHT NOTICE | |
| Place of production, publication, distribution, manufacture | México : |
| Name of producer, publisher, distributor, manufacturer | Trillas |
| Date of production, publication, distribution, manufacture, or copyright notice | 1973 |
| 300 ## - PHYSICAL DESCRIPTION | |
| Extent | 504 p. |
| Dimensions | 25 cm. |
| 505 ## - FORMATTED CONTENTS NOTE | |
| Formatted contents note | I. Un futuro diferente: 1. Desafíos del futuro - 2. Las organizaciones del mañana - II. Nuevas dimensiones para las organizaciones del mañana : 3. Para entender al hombre del mañana - 4. Competencia interpersonal y crecimiento de grupo - 5. Ambientes organizacionales y adaptación - 6. Progresos logrados en el cambio y la innovación - III. Nuevas perspectivas para la teoría organizacional: 7. Sistemas abiertos, cibernética y decisiones - 8. Teorias del intercambio de la motivación y del papel - 9. Fenomenología: La búsqueda de nuevas perspectivas - IV. Estrategias para el cambio integrado: 10. Estrategias generales para una organización en cambio - 11. Cambios estructurales, tecnología y autoadministración - 12. Cambio conductal y desarrollo organizacional - 13. Nuevos papeles para los gerentes proactivos - 14. Investigación organizacional y creación de una política. |
| 590 ## - LOCAL NOTE (RLIN) | |
| Local note | niveau_biblio:m niveau_hierar:0 |
| 700 1# - ADDED ENTRY--PERSONAL NAME | |
| Personal name | Storm, William B. |
| 700 1# - ADDED ENTRY--PERSONAL NAME | |
| Personal name | Patán López, Federico |
| 700 1# - ADDED ENTRY--PERSONAL NAME | |
| Personal name | Arias Galicia, Fernando |
| 942 ## - ADDED ENTRY ELEMENTS (KOHA) | |
| Koha item type | |
| Withdrawn status | Lost status | Damaged status | Not for loan | Home library | Current library | Shelving location | Date acquired | Total checkouts | Full call number | Barcode | Date last seen | Price effective from | Koha item type |
|---|---|---|---|---|---|---|---|---|---|---|---|---|---|
| Biblioteca Prof. Eusebio Cleto del Rey | Biblioteca Prof. Eusebio Cleto del Rey | 07/04/2026 | 658.012.32 J95 | L53730 | 07/04/2026 | 07/04/2026 | Libro |